| 000 | 00563nam a2200169Ia 4500 | ||
|---|---|---|---|
| 008 | 150610s9999 xx 000 0 und d | ||
| 020 | _a9781414313634 | ||
| 050 |
_aHQ772 _b .D58 2004 |
||
| 100 | _aDobson, James | ||
| 245 | 4 |
_aThe new strong-willed child: _bbirth through adolescence / _cJames C. Dobson. |
|
| 250 | _aRev. ed. of: The strong-willed child,1978. | ||
| 260 |
_aIllinois : _bTyndale House Publishing, Inc., _c2004. |
||
| 300 |
_a219pages ; _c23 cm. |
||
| 520 | _aChild rearing. | ||
| 650 | _xChild psychology. | ||
| 650 | _xDiscipline of children. | ||
| 999 |
_c288023 _d288023 |
||